|
|
|
|
| LEADER |
01199ncm a2200361 a 4500 |
| 001 |
000605669 |
| 003 |
CZ BrMZK |
| 005 |
20020710091324.0 |
| 007 |
q |
| 008 |
020611s2000 xr ptanf X cze d |
| 028 |
0 |
1 |
|b Karmelitánské nakladatelství
|
| 040 |
|
|
|a BOA001
|b cze
|
| 047 |
|
|
|a pt
|
| 048 |
|
|
|a ca
|
| 080 |
|
|
|a 781.6
|2 MRF
|
| 080 |
|
|
|a 783
|2 MRF
|
| 100 |
1 |
|
|a Strejc, Jiří,
|d 1932-2010
|7 mzk2004246456
|4 cmp
|
| 245 |
1 |
0 |
|a Spasiteli, jsi mi dražší-- ;
|b Kadence a mezihry
|h [hudebnina] /
|c Jiří Strejc ; text: Pavel Chvátal
|
| 260 |
|
|
|a Kostelní Vydří :
|b Karmelitánské nakladatelství,
|c [2000]
|
| 300 |
|
|
|a 1 partitura [4 s.] ;
|c 29 cm
|
| 500 |
|
|
|a Vydáno jako příloha časopisu Varhaník č. 1/2000
|
| 650 |
0 |
4 |
|a kadence (varhany)
|
| 650 |
0 |
4 |
|a mezihry (varhany)
|
| 650 |
0 |
7 |
|a duchovní písně (smíšený sbor)
|7 ph321469
|x partitura
|2 czenas
|
| 655 |
|
4 |
|a kadence
|
| 655 |
|
4 |
|a mezihry
|
| 655 |
|
4 |
|a duchovní písně
|
| 700 |
1 |
|
|a Chvátal, P.
|4 lyr
|
| 772 |
1 |
8 |
|t Varhaník
|
| 740 |
0 |
2 |
|a Kadence a mezihry
|
| 910 |
|
|
|a BOA001
|b Mus4-1103.104
|
| 990 |
|
|
|a MU
|
| 996 |
6 |
|
|b 2610161011
|c Mus4-1103.104
|l MZK
|r Sklad / do 1 hodiny
|n 0
|w 000605669
|u 000010
|a 1
|e BOA001
|j MZK50
|s P
|